000 00284nam a22001337a 4500
008 170508b xxu||||| |||| 00| 0 eng d
020 _a0314823484
041 _aeng
080 _a34
100 _a15
101 _aSHJ
245 _aTHE LAW OF THE SEA
_cSOHN, L.B
942 _2udc
_cBK
999 _c12879
_d12879